00360 2200145 4500001002100000005001500021035002000036245006100056100002200117300001100139260003000150082000800180084001400188990001200202INLIS00000000000203020250527085950 a0010-05250003221 aKamus Bergambar (Inggris-Indonesia) /cHasinta Sintawati0 aHasinta Sintawati a96 hlm bKarisma Publishing,c2006 a420 a420 HAS k a0713213